Capital humano : (Registro nro. 18195)

MARC details
000 -CABECERA
campo de control de longitud fija 01166cam a2200349Ia 4500
001 - NÚMERO DE CONTROL
campo de control tec011941510
003 - IDENTIFICADOR DEL NÚMERO DE CONTROL
campo de control MX-MoT
008 - DATOS DE LONGITUD FIJA--INFORMACIÓN GENERAL
campo de control de longitud fija 81110s2006 mx b 000 0 spa d
020 ## - NÚMERO INTERNACIONAL ESTÁNDAR DEL LIBRO
Número Internacional Estándar del Libro 842342393X
020 ## - NÚMERO INTERNACIONAL ESTÁNDAR DEL LIBRO
Número Internacional Estándar del Libro 8423423905
040 ## - FUENTE DE LA CATALOGACIÓN
Centro catalogador/agencia de origen I8M
Lengua de catalogación spa
Centro/agencia transcriptor I8M
041 1# - CÓDIGO DE LENGUA
Código de lengua del texto/banda sonora o título independiente spa
Código de lengua original eng
050 #4 - SIGNATURA TOPOGRÁFICA DE LA BIBLIOTECA DEL CONGRESO
Número de clasificación HD4904.7
Número de documento/Ítem .D3818 2006
082 ## - NÚMERO DE LA CLASIFICACIÓN DECIMAL DEWEY
Número de clasificación 658.3 D247c 2006
100 1# - ENTRADA PRINCIPAL--NOMBRE DE PERSONA
Nombre de persona Davenport, Thomas O.,
Fechas asociadas al nombre 1952-
9 (RLIN) 32964
240 00 - TÍTULO UNIFORME
Título uniforme <a href="Human capital.">Human capital.</a>
Lenguaje de la obra Español.
245 10 - MENCIÓN DE TÍTULO
Título Capital humano :
Resto del título creando ventajas competitivas a través de las personas /
Mención de responsabilidad, etc. Thomas O. Davenport ; [traducción Guillermo Solana].
260 ## - PUBLICACIÓN, DISTRIBUCIÓN, ETC. (PIE DE IMPRENTA)
Nombre del editor, distribuidor, etc. Barcelona :
260 ## - PUBLICACIÓN, DISTRIBUCIÓN, ETC. (PIE DE IMPRENTA)
Lugar de publicación. Deusto,
Fecha de publicación, distribución, etc. c2006.
300 ## - DESCRIPCIÓN FÍSICA
Extensión 264 p. ;
Dimensiones 24 cm.
490 0# - MENCIÓN DE SERIE
Mención de serie Líderes del management. Recursos humanos.
500 ## - NOTA GENERAL
Nota general Traducido de: Human capital. What it is and why people invest it.
504 ## - NOTA DE BIBLIOGRAFÍA, ETC.
Bibliografía, etc. Incluye referencias bibliográficas (p. [253]-264).
650 #0 - PUNTO DE ACCESO ADICIONAL DE MATERIA--TÉRMINO DE MATERIA
Término de materia o nombre geográfico como elemento inicial Human capital.
9 (RLIN) 32965
650 #0 - PUNTO DE ACCESO ADICIONAL DE MATERIA--TÉRMINO DE MATERIA
Término de materia o nombre geográfico como elemento inicial Personnel management.
9 (RLIN) 22583
650 #4 - PUNTO DE ACCESO ADICIONAL DE MATERIA--TÉRMINO DE MATERIA
Término de materia o nombre geográfico como elemento inicial Capital humano.
9 (RLIN) 576
650 #4 - PUNTO DE ACCESO ADICIONAL DE MATERIA--TÉRMINO DE MATERIA
Término de materia o nombre geográfico como elemento inicial Administración de personal.
9 (RLIN) 183
700 1# - PUNTO DE ACCESO ADICIONAL--NOMBRE DE PERSONA
Nombre de persona Solana, Guillermo,
Término indicativo de función/relación tr.
9 (RLIN) 32966
907 ## - ELEMENTOS DE DATOS G LOCAL, LDG (RLIN)
b 11941510
942 ## - ELEMENTOS DE PUNTO DE ACCESO ADICIONAL (KOHA)
Fuente del sistema de clasificación o colocación
Tipo de ítem Koha Libro
980 ## - EQUIVALENCIA O REFERENCIA-CRUZADA-MENCIÓN DE SERIE--NOMBRE DE PERSONA/TÍTULO [LOCAL, CANADÁ]
Nombre de persona OCLC
Existencias
Estado de retiro Estado de pérdida Fuente del sistema de clasificación o colocación Estado dañado No para préstamo Código de colección Localización permanente Ubicación/localización actual Fecha de adquisición Fuente de adquisición Total de préstamos Signatura topográfica completa Código de barras Fecha visto por última vez Precio válido a partir de Tipo de ítem Koha
          Reference Biblioteca Central Biblioteca Central 12/11/2024 donación alumna derecho   658.3 D247c 2006 c.1 00025205 12/11/2024 12/11/2024 Libro
Derechos Reservados © 2011 Universidad Miguel de Cervantes. Mac Iver 370. Santiago Centro, C.P. 8320170. Chile. / Teléfono: +56 (2) 2 927 34 00